Logo Biblioteca

Sobre la amistad : (Registro nro. 631)

Detalles MARC
000 -LEADER
fixed length control field 00889nam a22002177a 4500
003 - CONTROL NUMBER IDENTIFIER
control field AR-RoUNCS
005 - DATE AND TIME OF LATEST TRANSACTION
control field 20250930155100.0
008 - FIXED-LENGTH DATA ELEMENTS--GENERAL INFORMATION
fixed length control field 250930t2006 sp |||||r|||| 00| 0 spa d
020 ## - INTERNATIONAL STANDARD BOOK NUMBER
International Standard Book Number 84-413-2189-2
040 ## - CATALOGING SOURCE
Original cataloging agency AR-RoUNCS
Transcribing agency AR-RoUNCS
080 ## - UNIVERSAL DECIMAL CLASSIFICATION NUMBER
Authority record control number or standard number 17
100 0# - MAIN ENTRY--PERSONAL NAME
Personal name Aristóteles,
Dates associated with a name 384-322 A.C.
245 10 - TITLE STATEMENT
Title Sobre la amistad :
Remainder of title Ética a Nicómaco, libros VIII y IX /
Statement of responsibility, etc. Aristóteles.
260 ## - PUBLICATION, DISTRIBUTION, ETC.
Place of publication, distribution, etc. Barcelona :
Name of publisher, distributor, etc. Folio,
Date of publication, distribution, etc. 2006.
300 ## - PHYSICAL DESCRIPTION
Extent 93 p. ;
Dimensions 19 cm.
490 0# - SERIES STATEMENT
Series statement Grandes Ideas
520 3# - SUMMARY, ETC.
Summary, etc. Aristóteles es uno de los grandes filósofos griegos y uno de los más relevantes de la historia. "Ética a Nicómaco es una de las obras de filosofía moral más importantes del mundo occidental. Especialmente relevante es la doctrina aristotélica sobre la amistad. No hay vida verdaderamente humana sin amigos.
650 #4 - SUBJECT ADDED ENTRY--TOPICAL TERM
Topical term or geographic name entry element FILOSOFÍA
650 #4 - SUBJECT ADDED ENTRY--TOPICAL TERM
Topical term or geographic name entry element ÉTICA
942 ## - ADDED ENTRY ELEMENTS (KOHA)
Source of classification or shelving scheme Universal Decimal Classification
Koha item type Obra General
Suppress in OPAC No
Existencias
Withdrawn status Lost status Source of classification or shelving scheme Damaged status Not for loan Collection Home library Current library Date acquired Source of acquisition Total checkouts Full call number Barcode Date last seen Price effective from Koha item type
    Universal Decimal Classification     Colección General Biblioteca Escuela de Ciencias Sociales Biblioteca Escuela de Ciencias Sociales 30/09/2025 Donación 2023   17 AR717 000313 30/09/2025 30/09/2025 Obra General
Biblioteca de la Escuela Preuniversitaria en Ciencias Sociales y Humanísticas.
Riobamba 250 bis.
CP 2000 - Rosario - Santa Fe
E-Mail: biblioteca@esociales.unr.edu.ar